La ruta de Hernán Cortés (notice nᵒ 9500)
[ vue normale ]
| 000 -Sello discográfico | |
|---|---|
| campo de control de longitud fija | 00975nam a2200301 4500 |
| 005 - Identificación de versión | |
| campo de control | 20251126150948.0 |
| 010 ## - Número Estándar Internacional de Libros (ISBN) | |
| Número (ISBN) | 968-16-0959-X |
| 035 ## - Otros números de control del sistema | |
| Número de control del sistema | 32757 |
| 099 ## - fechas locales | |
| Tipo de ítem Koha | LIBRO |
| 100 ## - Datos de procesamiento general | |
| Datos de procesamiento general | 20120110d2003 m y1spay5003 ba |
| 101 ## - Idioma del recurso | |
| Idioma del texto, banda sonora, etc. | Español; Castellano |
| 105 ## - Campo de datos codificados: Material textual, monográfico | |
| Datos codificados de monografía | a 001zy |
| 200 1# - Título y mención de responsabilidad | |
| Título propio | La ruta de Hernán Cortés |
| Designación general del material | texto impreso |
| Primer mención de responsabilidad | Fernando Benítez |
| Declaración de responsabilidad subsiguiente | ilustraciones Alberto Beltrán |
| 205 ## - Declaración de edición | |
| Declaración de edición | 12a reimpr de la 3a ed |
| 210 ## - Publicación, distribución, etc. | |
| Lugar de publicación, distribución, etc. | México |
| Nombre del editor, distribuidor, etc. | Fondo de Cultura Económica |
| Fecha de publicación, distribución, etc. | 2003 |
| 215 ## - Descripción física | |
| Designación de material específico y extensión del ítem | 307 p |
| Otras características físicas | il. |
| Dimensiones | 17 cm |
| 345 ## - Nota de información de adquisición | |
| Fuente de adquisición/dirección de la suscripción [OBSOLETO] | Donación 'Salon du Livre 2009' |
| 410 #1 - Series | |
| Título | Colección Popular |
| Número de volumen | 56 |
| 600 ## - Nombre personal usado como materia | |
| Elemento de entrada | Cortés |
| Parte del nombre distinta del elemento de entrada | Hernán |
| Fechas | 1485-1547 |
| Número Koha | 2380 |
| 607 ## - Nombre geográfico utilizado como tema | |
| Elemento de entrada | México |
| Subdivisión temática | Historia |
| Subdivisión cronológica | Conquista, 1519-1540 |
| Número Koha | 453 |
| 660 ## - Código de área geográfica | |
| Código | MX |
| 700 ## - Nombre personal - Responsabilidad primaria | |
| Elemento de entrada | Benítez Gutiérrez |
| Parte del nombre distinta del elemento de entrada | Fernando |
| Fechas | 1912-2000 |
| Adiciones a los nombres que no sean fechas | marqués de San Francisco |
| Número Koha | 1223 |
| 702 ## - Nombre personal - Responsabilidad secundaria | |
| Elemento de entrada | Beltrán García |
| Parte del nombre distinta del elemento de entrada | Alberto |
| Fechas | 1923-2002 |
| Número Koha | 3377 |
| 801 #0 - Fuente de origen | |
| País | FR |
| Agencia | cm |
| Reglas de catalogación (convenciones descriptivas) | AFNOR |
| 942 ## - ELEMENTOS DE ENTRADA SECUNDARIOS (KOHA) | |
| Tipo de ítem Koha | Livre |
| Estatus retirado | Estado de daño | Estado de pérdida | Fecha de adquisición | Biblioteca de origen | Biblioteca actual | Ubicación en estantería | Código de barras | Precio de reemplazo | Signatura topográfica completa | No para préstamo | Tipo de ítem Koha | Nota pública | Nota no pública |
|---|---|---|---|---|---|---|---|---|---|---|---|---|---|
| 05/08/2025 | Casa México Paris | Casa México Paris | 001264 | 05/08/2025 | 082.97 C882 V.56 | Livre | 20120110LIV | 751145101 |